ბათუმის შოთა რუსთაველის სახელმწიფო უნივერსიტეტის ბიბლიოთეკა

მექანიზმებისა და მანქანების თეორია (თეორიული ნაწილი და საკურსო გეგმარება) : სახელმძღვ. / (ბიბ.ჩანაწერი № 37436)

000 -ლიდერი
ფიქსირებული სიგრძის საკონტროლო ველი 01173nam a2200229Ia 4500
001 - საკონტროლო ნომერი
საკონტროლო ველი 3395
003 - საკონტროლო ნომრის იდენტიფიკატორი
საკონტროლო ველი GE_BSU
005 - ბოლო ოპერაციის თარიღი და დრო
საკონტროლო ველი 20190606201645.0
008 - ფიქსირებული სიგრძის მონაცემთა ელემენტები - ზოგადი ინფორმაცია
ფიქსირებული სიგრძის საკონტროლო ველი 181216s1964|||| |||||||||||||| ||geo||
040 ## - კატალოგიზაციის წყარო
Transcribing agency GE_BSU
041 ## - ენის კოდი
Language code of text/sound track or separate title geo
080 ## - უნივერსალური ათობითი კლასიფიკაციის ინდექსი
Universal Decimal Classification number 621.01(075.8) თ–20
100 ## - მთავარი ჩანაწერი - პიროვნების სახელი
Personal name თავხელიძე, დ.
9 (RLIN) 914
245 ## - ცნობა სათაურის შესახებ
Title მექანიზმებისა და მანქანების თეორია (თეორიული ნაწილი და საკურსო გეგმარება) : სახელმძღვ. /
Statement of responsibility, etc დ. თავხელიძე ; ა. ოსიპოვა ; დ. ქათამაძე ; რედ : პ. ლაბარტყავა.
264 ## - წარმოების, გამოცემის, დისტრიბუციის და სხვა ცნობები
გამოცემის, წარმოების, დისტრიბუციის... ადგილი თბილისი :
გამოცემის, წარმოების, დისტრიბუციის... სახელწოდება ცოდნა,
გამოცემის, წარმოების, დისტრიბუციის... თარიღი 1964.
300 ## - ფიზიკური აღწერა
Extent 210 გვ .:
Dimensions 27 სმ.
Accompanying material ნახაზ; ცხრ.
653 ## - INDEX TERM--UNCONTROLLED
Uncontrolled term მექანიზმებისა და მანქანების თეორია
700 ## - ADDED ENTRY--PERSONAL NAME
Personal name ოსიპოვა, ა
9 (RLIN) 2223
700 ## - ADDED ENTRY--PERSONAL NAME
Personal name ქათამაძე, დ
9 (RLIN) 2201
700 ## - ADDED ENTRY--PERSONAL NAME
Personal name ლაბარტყავა, პ
Relator term რედაქტორი
9 (RLIN) 523
942 ## - ADDED ENTRY ELEMENTS (KOHA)
Koha item type წიგნი
Source of classification or shelving scheme
ეგზემპლარები
ჩამოწერის სტატუსი დაკარგული ეგზემპლარის სტატუსი კლასიფიკაციის წყარო ან თაროზე გაწყობის სქემა დაზიანების სტატუსი არ გაიცემა მუდმივი მდებარეობა (დაცვის ადგილი) ამჟამინდელი ადგილსამყოფელი თაროზე განთავსების ადგილი შეძენის თარიღი ღირებულება, შესყიდვის ნორმალური ფასი სრული შენახვის შიფრი შტრიხკოდი ბოლო ოპერაციის თარიღი ეგზემპლარის მიმდევრობითი ნომერი (კეტერი?) ფასის ძალაში შესვლის თარიღი ეგზემპლარის სახეობა საჯარო შენიშვნა
          ტექნოლოგიური ფაკულტეტის ბიბლიოთეკა ტექნოლოგიური ფაკულტეტის ბიბლიოთეკა წიგნსაცავი 2018-12-17 1.00 621.01(075.8) თ–20 10582 2018-12-17 10582 2018-12-17 წიგნი 1 ლ. 68 თ.
          ტექნოლოგიური ფაკულტეტის ბიბლიოთეკა ტექნოლოგიური ფაკულტეტის ბიბლიოთეკა წიგნსაცავი 2018-12-17 1.00 621.01(075.8) თ–20 10583 2018-12-17 10583 2018-12-17 წიგნი 1 ლ. 68 თ.